[Event "Titled Tuesday intern op 09th Jan Early"]
[Site "Chess.com INT"]
[Date "2024.01.09"]
[Round "7"]
[White "Ezat, Mohamed Mahmoud"]
[Black "Sasvatha, A."]
[Result "1/2-1/2"]
[WhiteElo "2349"]
[BlackElo "1749"]
[PlyCount "117"]
[EventDate "2024.01.09"]
[EventType "swiss (blitz)"]
[EventRounds "11"]
[EventCountry "USA"]
[SourceTitle "CB03_2024"]
[SourceDate "2024.01.17"]
[SourceVersion "1"]
[SourceVersionDate "2024.01.17"]
[SourceQuality "1"]

1. e4 c6 2. e5 d5 3. exd6 exd6 4. d4 d5 5. Bd3 Nf6 6. h3 Bd6 7. Nf3 0-0 8. 0-0 Re8 9. Re1 Be6 10. Nbd2 Nbd7 11. Nf1 Qc7 12. Bg5 h6 13. Be3 Nh5 14. Qd2 Nf4 15. Rad1 Nxd3 16. Qxd3 Nf6 17. Ne5 Bxe5 18. dxe5 Qxe5 19. Bxh6 Qf5 20. Qg3 Nh5 21. Qg5 f6 22. Qxf5 Bxf5 23. Ne3 Bxc2 24. Nxc2 gxh6 25. Nd4 Re5 26. Nf3 Ree8 27. Nh4 Ng7 28. f4 Kf7 29. Kf2 Rxe1 30. Rxe1 Re8 31. Rc1 Re4 32. g3 Rd4 33. Rc2 Ra4 34. a3 Re4 35. Rc3 a6 36. Rb3 b5 37. Rc3 Rc4 38. Rxc4 bxc4 39. Ke3 c5 40. g4 h5 41. f5 hxg4 42. hxg4 Ne8 43. Ng2 Nd6 44. Nf4 d4+ 45. Kf3 Nb5 46. Ne6 c3 47. bxc3 dxc3 48. Ke3 c2 49. Kd2 Nxa3 50. Nxc5 a5 51. Nb3 a4 52. Nc5 Kg7 53. Nxa4 Kh6 54. Nc5 Kg5 55. Ne4+ Kxg4 56. Nxf6+ Kxf5 57. Nd5 Ke4 58. Nb4 Kd4 59. Nxc2+ 1/2-1/2

[Event "Western Asia-ch U20 Girls"]
[Site "Colombo"]
[Date "2023.12.02"]
[Round "5"]
[White "Newansa, M Esandi"]
[Black "Sasvatha, A."]
[Result "0-1"]
[WhiteElo "1529"]
[BlackElo "1568"]
[PlyCount "60"]
[EventDate "2023.11.30"]
[EventType "swiss"]
[EventRounds "9"]
[EventCountry "SRI"]
[SourceTitle "CB50_2023"]
[SourceDate "2023.12.13"]
[SourceVersion "1"]
[SourceVersionDate "2023.12.13"]
[SourceQuality "1"]

1. d4 d5 2. Bf4 Nf6 3. e3 c5 4. c3 Nc6 5. Nd2 Bf5 6. Ngf3 Qb6 7. Nh4 Bd7 8. Qb3 c4 9. Qc2 h6 10. Nhf3 Bg4 11. Be2 e6 12. b3 Bf5 13. Qb2 Rc8 14. h3 Nb4 15. 0-0-0 cxb3 16. Nb1 Ne4 17. axb3 Nxc3 18. Nxc3 Rxc3+ 19. Qxc3 Na2+ 20. Kb2 Nxc3 21. Rc1 Qb4 22. Ra1 Nxe2 23. Rxa7 Qc3+ 24. Ka2 Nc1+ 25. Rxc1 Qxc1 26. Ra8+ Ke7 27. Ra7 Bb1+ 28. Ka1 Bc2+ 29. Ka2 Qb1+ 30. Ka3 Qxb3# 0-1

[Event "Asia-ch Rapid U20 Girls"]
[Site "Jamshedpur"]
[Date "2023.09.08"]
[Round "7"]
[White "Sasvatha, A."]
[Black "Harshini, A1111"]
[Result "1-0"]
[WhiteElo "1559"]
[BlackElo "1331"]
[PlyCount "139"]
[EventDate "2023.09.08"]
[EventType "swiss (rapid)"]
[EventRounds "9"]
[EventCountry "IND"]
[SourceTitle "EXT 2024"]
[Source "ChessBase"]
[SourceDate "2023.10.10"]
[SourceVersion "1"]
[SourceVersionDate "2023.10.10"]
[SourceQuality "1"]

1. d4 d5 2. Nf3 Nf6 3. Bf4 c5 4. e3 Nc6 5. c3 Qb6 6. Qb3 c4 7. Qxb6 axb6 8. Na3 Bd7 9. Nb5 Ra5 10. Nc7+ Kd8 11. Ng5 Be8 12. Nxe8 Kxe8 13. Be2 h6 14. Nf3 Nh5 15. Bc7 Rb5 16. b3 Kd7 17. bxc4 dxc4 18. Bxc4 Ra5 19. Bxb6 Ra3 20. Bxf7 Nf6 21. c4 e6 22. 0-0 Bd6 23. d5 exd5 24. Bxd5 Nxd5 25. cxd5 Nb4 26. e4 Re8 27. e5 Bxe5 28. Nxe5+ Rxe5 29. Bc5 Ra4 30. Bxb4 Rxb4 31. Rfb1 Rxb1+ 32. Rxb1 Rxd5 33. Rxb7+ Kc6 34. Rb1 Rd2 35. Ra1 Kb5 36. a4+ Ka5 37. g3 g5 38. Kg2 h5 39. Re1 Rd5 40. Re4 Rf5 41. h3 Rd5 42. f4 gxf4 43. gxf4 Rd3 44. Re5+ Kxa4 45. Rxh5 Kb4 46. Re5 Kc4 47. h4 Kd4 48. h5 Rd2+ 49. Kf3 Rd1 50. Re8 Rh1 51. Kg4 Rg1+ 52. Kf5 Rh1 53. Rh8 Kd5 54. h6 Kd6 55. Kf6 Kd7 56. f5 Rh2 57. h7 Rh5 58. Ra8 Kc7 59. h8Q Rxh8 60. Rxh8 Kd6 61. Rd8+ Kc7 62. Ke7 Kc6 63. f6 Kc5 64. f7 Kc4 65. f8Q Kc5 66. Qf4 Kc6 67. Qc4+ Kb7 68. Rd5 Kb6 69. Rb5+ Ka6 70. Qa4# 1-0

[Event "Titled Tuesday intern op 05th Sep Early"]
[Site "Chess.com INT"]
[Date "2023.09.05"]
[Round "6"]
[White "Sasvatha, A."]
[Black "Davidson, Kevin"]
[Result "0-1"]
[WhiteElo "1783"]
[BlackElo "2154"]
[PlyCount "76"]
[EventDate "2023.09.05"]
[EventType "swiss (blitz)"]
[EventRounds "11"]
[EventCountry "USA"]
[SourceTitle "EXT 2024"]
[Source "ChessBase"]
[SourceDate "2023.10.10"]
[SourceVersion "1"]
[SourceVersionDate "2023.10.10"]
[SourceQuality "1"]

1. d4 Nf6 2. c4 g6 3. Nc3 Bg7 4. e4 d6 5. Be3 0-0 6. f3 Nc6 7. Qd2 a6 8. Bd3 e5 9. d5 Nd4 10. Nge2 Nh5 11. 0-0-0 c5 12. dxc6 bxc6 13. Bb1 c5 14. Nd5 Be6 15. Nxd4 cxd4 16. Bh6 Bxd5 17. exd5 Qc7 18. b3 a5 19. Bxg7 Kxg7 20. h4 a4 21. g4 Nf4 22. h5 axb3 23. axb3 Rfb8 24. hxg6 fxg6 25. Qh2 Kg8 26. Qc2 Ra3 27. Kb2 Raxb3+ 28. Qxb3 Rxb3+ 29. Kxb3 Qb6+ 30. Kc2 Qb4 31. Ba2 Qc3+ 32. Kb1 Nd3 33. Rxd3 Qxd3+ 34. Ka1 Qc3+ 35. Kb1 Qxf3 36. Rc1 Qxg4 37. c5 Qe4+ 38. Ka1 Qe3 0-1

[Event "Titled Tuesday intern op 29th Aug Early"]
[Site "Chess.com INT"]
[Date "2023.08.29"]
[Round "10"]
[White "Zampronha, Wladimir Camilo"]
[Black "Sasvatha, A."]
[Result "1-0"]
[WhiteElo "2170"]
[BlackElo "1783"]
[PlyCount "55"]
[EventDate "2023.08.29"]
[EventType "swiss (blitz)"]
[EventRounds "11"]
[EventCountry "USA"]
[SourceTitle "EXT 2024"]
[Source "ChessBase"]
[SourceDate "2023.10.10"]
[SourceVersion "1"]
[SourceVersionDate "2023.10.10"]
[SourceQuality "1"]

1. e4 c6 2. d4 d5 3. e5 Bf5 4. Nf3 e6 5. Be2 c5 6. Be3 cxd4 7. Nxd4 Bg6 8. c4 dxc4 9. Bxc4 Qa5+ 10. Nc3 Qxe5 11. Bb5+ Nd7 12. Bxd7+ Kxd7 13. Qa4+ Ke7 14. Qb4+ Ke8 15. Qxb7 Rd8 16. Qc6+ Ke7 17. 0-0 Rxd4 18. Bxd4 Qxd4 19. Rad1 Qb6 20. Rd7+ Kf6 21. Qf3+ Kg5 22. Ne4+ Bxe4 23. Qxe4 Nh6 24. h4+ Kf6 25. Qf4+ Nf5 26. Qg5+ Ke5 27. Re1+ Qe3 28. Rxe3# 1-0